Datum a čas kvízu
31
Celkem bodů
Celkový počet nahraných bodů na tomto kvízu bez doplňovacích otázek.
6.
Pořadí na kvízu
Konečné umístění týmu na tomto kvízu.
Zaznamenané odpovědi
| # | Otázka | Odpověď | Body | Výsledky |
|---|---|---|---|---|
| 1. | Jak se jmenuje funkcionář, jem... | Josef Středula | 1 | |
| 2. | Maďarsko podepsalo s jednou ze... | Číny | 0 | |
| 3. | V sobotu večer se v pražském R... | Simona Peková, Přišla v noci | 1 | |
| 4. | Od středy minulého týdne je za... | HHC | 1 | |
| 5. | V pondělí byl představen ofici... | Invalidovna | 0 | |
| 6. | Začneme prvním českým králem p... | Rudolf (I. Habsburský) | 1 | |
| 7. | Další „slavnou“ prohrou, která... | stoletá válka | 1 | |
| 8. | V bitvě u Lipan, kterou řadí m... | Prokop | 0 | |
| 9. | Bitva na Bílé hoře zpečetila o... | listopad 1620 | 0.5 | |
| 10. | Mnichovská dohoda je typickým... | appeasement | 1 |